[Event "EU-ch blitz"]
[Site "Warsaw"]
[Date "2012.12.14"]
[Round "1"]
[White "Rublevsky, Sergei"]
[Black "Silvain, Thierry"]
[Result "1-0"]
[WhiteElo "2688"]
[BlackElo "1973"]
[PlyCount "39"]
[EventDate "2012.12.14"]
[EventType "swiss (blitz)"]
[EventRounds "11"]
[EventCountry "POL"]
[SourceTitle "EXT 2014"]
[Source "ChessBase"]
[SourceDate "2013.11.20"]
[SourceVersion "1"]
[SourceVersionDate "2013.11.20"]
[SourceQuality "1"]

1. e4 e6 2. d4 d5 3. Nd2 Nc6 4. Ngf3 Nf6 5. e5 Nd7 6. Bd3 f6 7. 0-0 fxe5 8. Nxe5 Ncxe5 9. dxe5 Nxe5 10. Qh5+ Nf7 11. Nf3 Qf6 12. Bg5 Qxb2 13. Rab1 g6 14. Rxb2 gxh5 15. Bf6 Rg8 16. Bxh7 Rg4 17. g3 b6 18. h3 Rc4 19. Bg6 Bb7 20. Ne5 1-0